todos os campeões da Libertadores da América - Statistics

Estatísticas Gerais
  • Esse quiz foi jogado 404 vezes
  • A pontuação média é 48 de 61
Estatísticas das Respostas
ano equipe % Correto
2019 Flamengo
98%
1981 Flamengo
98%
2020 Palmeiras
98%
1999 Palmeiras
98%
2018 River Plate
98%
2015 River Plate
98%
1996 River Plate
98%
1986 River Plate
98%
2007 Boca Juniors
96%
2003 Boca Juniors
96%
2001 Boca Juniors
96%
2000 Boca Juniors
96%
1978 Boca Juniors
96%
1977 Boca Juniors
96%
2017 Grêmio
93%
1995 Grêmio
93%
1983 Grêmio
93%
2005 São Paulo
91%
1993 São Paulo
91%
1992 São Paulo
91%
2011 Santos
90%
1963 Santos
90%
1962 Santos
90%
2012 Corinthians
89%
2010 Internacional
88%
2006 Internacional
88%
2013 Atlético Mineiro
86%
1997 Cruzeiro
79%
1976 Cruzeiro
79%
1998 Vasco
79%
1987 Peñarol
78%
1982 Peñarol
78%
1966 Peñarol
78%
1961 Peñarol
78%
1960 Peñarol
78%
2016 Atlético Nacional
74%
1989 Atlético Nacional
74%
1984 Independiente
70%
1975 Independiente
70%
1974 Independiente
70%
1973 Independiente
70%
1972 Independiente
70%
1965 Independiente
70%
1964 Independiente
70%
1988 Nacional
70%
1980 Nacional
70%
1971 Nacional
70%
2014 San Lorenzo
68%
2009 Estudiantes
65%
1970 Estudiantes
65%
1969 Estudiantes
65%
1968 Estudiantes
65%
2008 LDU
60%
2002 Olímpia
59%
1990 Olímpia
59%
1979 Olímpia
59%
1967 Racing
58%
2004 Once Caldas
53%
1991 Colo Colo
51%
1994 Velez Sarsfield
48%
1985 Argentinos Juniors
32%
Nenhum quiz correspondente encontrado
Distribuição das Pontuações
Porcentagem de Pessoas com Cada Pontuação
Percentil de Números Respondidos
Sua Pontuação Histórica
Você não jogou esse quiz